000
00272nam a22001217a 4500
008
190227b xxu||||| |||| 00| 0 eng d
041
_a
eng
080
_2
2nd
_a
616.12
100
_a
7
101
_a
KARD
245
_a
Cardiac emergency care
_c
Chung,E.K
942
_2
udc
_c
BK
999
_c
54331
_d
54331